000 00702nam a22002177a 4500
003 DO-SdBNP
005 20211117104439.0
007 ta
008 211117b2021 dr ||||| |||| 00| 0 spa d
020 _a9789945624076
040 _aDO-SdBNP
_bspa
_cBNPHU
100 1 _aRojas, Luis Omar
_980649
245 1 0 _aJesús poderoso sanador en sus llagas hay sanidad /
_cLuis Omar Rojas ; prólogo Enríque Figueroa.
260 _aSanto Domingo :
_bFR Multiservicios,
_c2021.
300 _a120 p. ;
_c21 cm.
500 _aIncluye datos biográficos del autor en la contracubierta.
590 _aDO-SdBNP
700 1 _aFigueroa, Enríque,
_eprólogo
_980650
910 _aLopérez
942 _2ddc
_cLBS1
999 _c50982
_d50982